Realizing the potential of computer-based information systems / (Record no. 14360)
[ view plain ]
| 000 -LEADER | |
|---|---|
| fixed length control field | 00771pam a2200253 a 4500 |
| 001 - CONTROL NUMBER | |
| control field | 14360 |
| 003 - CONTROL NUMBER IDENTIFIER | |
| rucl marc code | BD-RjUL |
| 005 - DATE AND TIME OF LATEST TRANSACTION | |
| control field | 20211208235620.0 |
| 008 - FIXED-LENGTH DATA ELEMENTS--GENERAL INFORMATION | |
| fixed length control field | 140205s1984 nyua 001 0 eng |
| 020 ## - INTERNATIONAL STANDARD BOOK NUMBER | |
| International Standard Book Number | 0029498104 : |
| 035 ## - SYSTEM CONTROL NUMBER | |
| System control number | (BD-RjUL)14412 |
| 040 ## - CATALOGING SOURCE | |
| Original cataloging agency | DLC |
| Transcribing agency | DLC |
| Modifying agency | DLC |
| -- | BD-RjUL |
| Language of cataloging | eng |
| 041 ## - LANGUAGE CODE | |
| Language code of text/sound track or separate title | eng |
| 082 00 - DEWEY DECIMAL CLASSIFICATION NUMBER | |
| Classification number | 658.40388 |
| Edition number | 19 |
| Author mark and year | WAR 1984 |
| 100 1# - MAIN ENTRY--PERSONAL NAME | |
| Personal name | Walsh, Myles E. |
| 9 (RLIN) | 44817 |
| 245 10 - TITLE STATEMENT | |
| Title | Realizing the potential of computer-based information systems / |
| Statement of responsibility, etc. | Myles E. Walsh. |
| 260 ## - PUBLICATION, DISTRIBUTION, ETC. (IMPRINT) | |
| Place of publication, distribution, etc. | New York : |
| Name of publisher, distributor, etc. | Macmillan, |
| Place of publication, distribution, etc. | London : |
| Name of publisher, distributor, etc. | Collier Macmillan, |
| Date of publication, distribution, etc. | c1984. |
| 300 ## - PHYSICAL DESCRIPTION | |
| Pagination | xviii, 313 p. : |
| Illustrations | ill. ; |
| Size | 25 cm. |
| 504 ## - BIBLIOGRAPHY, ETC. NOTE | |
| Bibliography, etc | Includes index. |
| 650 #0 - SUBJECT ADDED ENTRY--TOPICAL TERM | |
| Topical term or geographic name as entry element | Management information systems. |
| 9 (RLIN) | 1330 |
| 942 ## - ADDED ENTRY ELEMENTS (KOHA) | |
| Source of classification or shelving scheme | Dewey Decimal Classification |
| Koha item type | Books |
| Lost status | Source of classification or shelving scheme | Damaged status | Not for loan | Collection code | Permanent Location | Current Location | Shelving location | Date acquired | Source of acquisition | Cost, normal purchase price | Total Checkouts | Full call number | Date last seen | Copy number | Koha item type |
|---|---|---|---|---|---|---|---|---|---|---|---|---|---|---|---|
| Dewey Decimal Classification | Non-fiction | Central Library, University of Rajshahi | Central Library, University of Rajshahi | 19/06/1991 | Asia foundation | 0.00 | 658.40388 WAR 1984 | 05/02/2014 | C-2 | Books | |||||
| Dewey Decimal Classification | Not For Loan | Non-fiction | Central Library, University of Rajshahi | Central Library, University of Rajshahi | Reading Room | 15/06/1991 | Asia Foundation | 658.40388 WAR 1984 | 05/01/2017 | C-1 | Books |